000 00434nam a2200181Ia 4500
008 210210b1915 xxu||||| |||| 00| 0 eng d
041 _aeng
082 _a825/575
100 _aMOULTON (R G)
245 _aModern study of literature
260 _aChicago
_bUniversity of Chicago Press.
_c1915
650 _astudy
650 _aof
650 _aModern
650 _aliterature
690 _aEnglish Criticism
906 _a014891
999 _c134122
_d134122